[Event "English Online Blitz Open"]
[Site "chess.com INT"]
[Date "2020.05.16"]
[Round "1.63"]
[White "Greet, Andrew N"]
[Black "Harvey, Marcus R"]
[Result "1/2-1/2"]
[WhiteTitle "IM"]
[BlackTitle "FM"]
[WhiteElo "2417"]
[BlackElo "2440"]
[WhiteFideId "405817"]
[BlackFideId "400092"]
[EventDate "2020.05.16"]

1. d4 Nf6 2. Bg5 g6 3. Bxf6 exf6 4. e3 d5 5. c4 c6 6. Nc3 Bb4 7. Qb3 Qa5 8. a3
Bxc3+ 9. Qxc3 Qxc3+ 10. bxc3 dxc4 11. Bxc4 Be6 12. Bxe6 fxe6 13. Rb1 b6 14. Ne2
Nd7 15. Kd2 Ke7 16. a4 c5 17. Nf4 g5 18. Nd3 Rac8 19. a5 Rc6 20. h4 g4 21. Rb2
Rhc8 22. Ra1 R8c7 23. Nf4 cxd4 24. cxd4 Rd6 25. Rb5 Rc5 26. axb6 Rxb5 27. bxa7
Nb6 28. a8=Q Nxa8 29. Rxa8 e5 30. Nd3 exd4 31. e4 Rd7 32. Rh8 Ke6 33. f4 gxf3
34. gxf3 Ra7 35. Nf4+ Kd6 36. Rd8+ Ke7 37. Rxd4 Ra2+ 38. Ke3 Rb3+ 39. Nd3 Rh2
40. Ra4 Rxh4 41. Ra7+ Kf8 42. Kd4 Rh3 43. Nc5 Rbxf3 44. Ne6+ Ke8 45. Kd5 Rd3+
46. Nd4 Rxd4+ 47. Kxd4 h5 48. Kd5 Re3 49. Rh7 Ra3 50. Ke6 Ra6+ 51. Kf5 Kf8 52.
Kg6 Re6 53. Kf5 Ra6 54. Kg6 Re6 55. Kf5 Ra6 1/2-1/2

[Event "English Online Blitz Open"]
[Site "chess.com INT"]
[Date "2020.05.16"]
[Round "1.71"]
[White "Ghasi, Ameet K"]
[Black "Williams, Simon K"]
[Result "1/2-1/2"]
[WhiteTitle "IM"]
[BlackTitle "GM"]
[WhiteElo "2485"]
[BlackElo "2464"]
[WhiteFideId "409200"]
[BlackFideId "404454"]
[EventDate "2020.05.16"]

1. Nf3 f5 2. d4 e6 3. Bg5 Be7 4. h4 Nf6 5. Nbd2 O-O 6. Bxf6 Bxf6 7. e4 d5 8. e5
Be7 9. c4 c5 10. cxd5 exd5 11. Bd3 Nc6 12. dxc5 Bxc5 13. O-O Be7 14. Qa4 f4 15.
Qb3 a5 16. a3 a4 17. Qc2 h6 18. h5 Be6 19. Rac1 Qd7 20. Rfe1 Ra5 21. Bh7+ Kh8
22. Qd3 Rc5 23. Bg6 b6 24. Qa6 Rxc1 25. Rxc1 Bc5 26. Qxa4 Nxe5 27. Qxd7 Nxf3+
28. Nxf3 Bxd7 29. b4 Bd6 30. Rd1 Be6 31. Nd4 Bg8 32. Nb5 Bb8 33. f3 Rc8 34. Re1
Rd8 35. Nd4 b5 36. Nxb5 d4 37. Bd3 Bf7 38. a4 Be8 39. Rd1 Bxb5 40. Bxb5 Ba7 41.
Rd3 Kg8 42. a5 Rb8 43. Bc4+ Kf8 44. b5 Bc5 45. b6 Ke7 46. Kf1 Kd6 47. Rd1 Re8
48. Bd3 Re3 49. b7 Ba7 50. a6 Kc7 51. Be2 Rc3 52. Bd3 Ra3 53. Ke2 Ra2+ 54. Rd2
Rxd2+ 55. Kxd2 Bc5 56. Kc2 Kb8 57. Kb3 Bb6 58. Kc4 Ka7 59. Kd5 Kb8 60. Ke5 Bc7+
61. Kxd4 Ka7 62. Kd5 Kb6 63. Ke6 Ka7 64. Bc4 Kb8 65. Kd7 Be5 66. Ke6 Bc7 67. Kf5
Ka7 68. Bd3 Kb8 69. Bf1 Ka7 70. Ke6 Kb8 71. Kd5 Bd8 72. Kc6 Bf6 73. Kd6 Bd8 74.
Ke6 Bc7 75. Be2 Ka7 76. Bf1 Kb8 1/2-1/2

[Event "English Online Blitz Open"]
[Site "chess.com INT"]
[Date "2020.05.16"]
[Round "1.72"]
[White "Williams, Simon K"]
[Black "Ghasi, Ameet K"]
[Result "0-1"]
[WhiteTitle "GM"]
[BlackTitle "IM"]
[WhiteElo "2464"]
[BlackElo "2485"]
[WhiteFideId "404454"]
[BlackFideId "409200"]
[EventDate "2020.05.16"]

1. d4 Nf6 2. Nc3 d6 3. Bf4 Nbd7 4. Nf3 g6 5. e4 Nh5 6. Be3 Bg7 7. g4 Nhf6 8. h3
e5 9. dxe5 dxe5 10. Qd2 c6 11. Bh6 O-O 12. O-O-O Qe7 13. Rg1 Kh8 14. Nh4 Bxh6
15. Qxh6 Ng8 16. Qe3 Qxh4 17. g5 Qf4 0-1

[Event "English Online Blitz Open"]
[Site "chess.com INT"]
[Date "2020.05.16"]
[Round "1.73"]
[White "Ghasi, Ameet K"]
[Black "Williams, Simon K"]
[Result "1-0"]
[WhiteTitle "IM"]
[BlackTitle "GM"]
[WhiteElo "2485"]
[BlackElo "2464"]
[WhiteFideId "409200"]
[BlackFideId "404454"]
[EventDate "2020.05.16"]

1. Nf3 d6 2. d4 g6 3. e4 Bg7 4. Bc4 e6 5. c3 a6 6. O-O Ne7 7. Re1 h6 8. Nbd2 b5
9. Bd3 Bb7 10. a4 bxa4 11. Qxa4+ Nd7 12. Nc4 O-O 13. Na5 Bc8 14. Be3 g5 15. Nd2
Nb6 16. Qc2 f5 17. exf5 exf5 18. f4 Ned5 19. fxg5 hxg5 20. Bf2 Nf4 21. Bf1 Bd7
22. g3 Nh5 23. Bg2 Rb8 24. Nc6 Bxc6 25. Bxc6 Qf6 26. c4 f4 27. g4 d5 28. cxd5
Ng3 29. hxg3 fxg3 30. Bxg3 Qxd4+ 31. Kg2 Nxd5 32. Qe4 Qxd2+ 33. Re2 Nf4+ 34.
Bxf4 Qxf4 35. Bd5+ Rf7 36. Qxf4 gxf4 37. Re7 Rxb2+ 38. Kf3 Rd2 39. Bxf7+ Kf8 40.
Rae1 Rd3+ 41. Kxf4 Rd4+ 42. Kf5 Bh6 43. g5 Bxg5 44. Kxg5 1-0

[Event "English Online Blitz Open"]
[Site "chess.com INT"]
[Date "2020.05.16"]
[Round "1.81"]
[White "Gormally, Daniel W"]
[Black "Wadsworth, Matthew J"]
[Result "1-0"]
[WhiteTitle "GM"]
[BlackTitle "IM"]
[WhiteElo "2479"]
[BlackElo "2416"]
[WhiteFideId "406465"]
[BlackFideId "415804"]
[EventDate "2020.05.16"]

1. d4 Nf6 2. Nf3 c5 3. d5 e6 4. c4 d6 5. Nc3 exd5 6. cxd5 g6 7. e4 Bg7 8. h3 O-O
9. Bd3 Nh5 10. O-O Nd7 11. Bg5 Bf6 12. Qd2 a6 13. Bh6 Re8 14. Rae1 b5 15. g4 Ng7
16. Kg2 c4 17. Bc2 Nc5 18. Qf4 b4 19. Nd1 b3 20. axb3 cxb3 21. Bb1 a5 22. Ne3
Ba6 23. Rh1 Bd3 24. Bg5 Bxg5 25. Nxg5 f6 26. Ne6 Ngxe6 27. dxe6 Rxe6 28. f3 a4
29. Nd5 Kg7 30. Qd2 Bxb1 31. Rxb1 a3 32. bxa3 Rxa3 33. g5 Ra2 34. Rb2 fxg5 35.
Rxa2 bxa2 36. Qxa2 Nd7 37. Rb1 Re8 38. Qa7 Rf8 39. Rb7 Rf7 40. Qa1+ Ne5 41. Qa7
Rxb7 42. Qxb7+ Qd7 43. Qb2 Qf7 44. Qc3 h5 45. h4 Qa7 46. hxg5 Qa2+ 47. Kh3 Qf2
48. Qc7+ Kh8 49. Qd8+ Kg7 50. Qf6+ Kh7 51. Qe7+ Kh8 52. Qf8+ 1-0

[Event "English Online Blitz Open"]
[Site "chess.com INT"]
[Date "2020.05.16"]
[Round "1.82"]
[White "Wadsworth, Matthew J"]
[Black "Gormally, Daniel W"]
[Result "0-1"]
[WhiteTitle "IM"]
[BlackTitle "GM"]
[WhiteElo "2416"]
[BlackElo "2479"]
[WhiteFideId "415804"]
[BlackFideId "406465"]
[EventDate "2020.05.16"]

1. Nf3 d5 2. g3 c6 3. Bg2 Bg4 4. c4 e6 5. cxd5 exd5 6. O-O Nd7 7. d3 Ngf6 8. Nc3
Be7 9. e4 dxe4 10. dxe4 O-O 11. h3 Bh5 12. g4 Bg6 13. Nd4 Bb4 14. Re1 Re8 15.
Nf5 Ne5 16. Qb3 Qa5 17. Bg5 Nfd7 18. Rad1 Nc5 19. Qc2 Nc4 20. Ne7+ Kf8 21. Nxg6+
hxg6 22. a3 Nxa3 23. bxa3 Bxc3 24. Re3 Be5 25. f4 Ne6 26. fxe5 Nxg5 27. h4 Ne6
28. Qc3 Qxc3 29. Rxc3 Rad8 30. Rb1 Rd7 31. g5 Nf4 32. Rc5 Nd3 33. Ra5 a6 34. Bh3
Rde7 35. e6 Nf4 36. exf7 Rxf7 37. Bg4 Rxe4 38. Rd1 Nd5 39. Bh3 Rxh4 40. Bg2 Ne3
41. Rd8+ Ke7 42. Rd2 Nc4 43. Re2+ Kd6 44. Ra4 Kc5 45. Rb4 b5 46. Rb1 Rf5 0-1

[Event "English Online Blitz Open"]
[Site "chess.com INT"]
[Date "2020.05.16"]
[Round "1.83"]
[White "Gormally, Daniel W"]
[Black "Wadsworth, Matthew J"]
[Result "1/2-1/2"]
[WhiteTitle "GM"]
[BlackTitle "IM"]
[WhiteElo "2479"]
[BlackElo "2416"]
[WhiteFideId "406465"]
[BlackFideId "415804"]
[EventDate "2020.05.16"]

1. d4 Nf6 2. Nf3 c5 3. d5 e6 4. c4 d6 5. Nc3 exd5 6. cxd5 g6 7. e4 Bg7 8. h3 O-O
9. Bd3 Nh5 10. O-O Nd7 11. Bg5 Bf6 12. Bh6 Re8 13. Qd2 Ne5 14. Nxe5 Bxe5 15. f4
Bd4+ 16. Kh2 a6 17. Ne2 Bg7 18. Bxg7 Nxg7 19. Ng3 f5 20. exf5 gxf5 21. Rae1 Rxe1
22. Rxe1 Qf6 23. Qc3 Qxc3 24. bxc3 Kf8 25. a4 b6 26. c4 Bd7 27. Bc2 Rb8 28. Rb1
Kf7 29. Kg1 Kf6 30. Kf2 b5 31. axb5 axb5 32. cxb5 Rxb5 33. Rxb5 Bxb5 34. Ke3 Bc4
35. Ne2 Bxd5 36. g4 h6 37. Ng3 Be6 38. Bd1 d5 39. Bf3 d4+ 40. Kd3 Bb3 41. gxf5
Nxf5 42. Ne4+ Kg6 43. Nxc5 Ba2 44. Bg4 Bb1+ 45. Kc4 h5 46. Bxf5+ Kxf5 47. Kxd4
Kxf4 48. h4 Kg4 49. Ne6 Kxh4 50. Ng7 Kg5 51. Nxh5 1/2-1/2

[Event "English Online Blitz Open"]
[Site "chess.com INT"]
[Date "2020.05.16"]
[Round "2.11"]
[White "Chow, Samuel"]
[Black "Jones, Gawain C B"]
[Result "1/2-1/2"]
[WhiteTitle "FM"]
[BlackTitle "GM"]
[WhiteElo "2345"]
[BlackElo "2670"]
[WhiteFideId "3202992"]
[BlackFideId "409561"]
[EventDate "2020.05.16"]

1. d4 Nf6 2. c4 g6 3. Nc3 Bg7 4. Nf3 O-O 5. g3 d6 6. Bg2 Nc6 7. O-O Rb8 8. Bf4
a6 9. Rc1 b5 10. Nd5 bxc4 11. Nxf6+ Bxf6 12. Rxc4 Bd7 13. b3 e6 14. Qd2 Ne7 15.
Rfc1 Bb5 16. Rxc7 Nd5 17. R7c2 Nxf4 18. gxf4 a5 19. e3 a4 20. bxa4 Bxa4 21. Rb2
Rxb2 22. Qxb2 Qa5 23. Rb1 Rc8 24. Qb4 Rc1+ 25. Bf1 Qxb4 26. Rxb4 Bc6 27. Nd2 Be7
28. Rc4 Rxc4 29. Bxc4 d5 30. Bb3 Bb4 31. Nf3 Bb5 32. Ne5 f6 33. Nf3 Be2 34. Kg2
Kf7 35. Ng1 Bd3 36. Bd1 Ba3 37. Nf3 Bb1 38. Bb3 Be4 39. Kg3 Bb4 40. Ng1 Bd3 41.
Bd1 Ba3 42. Nf3 Ke7 43. Ne1 Bb1 44. Bb3 Kd6 45. Nc2 Bxc2 46. Bxc2 f5 47. h4 h5
48. Kf3 Kd7 49. Ke2 Be7 50. Ba4+ Kd8 51. Kf3 Bxh4 52. Kg2 Be7 53. Bb5 Ba3 54.
Kg3 Ke7 55. Be2 Kf6 56. Kh3 Kg7 57. Kh4 Kh6 58. Kh3 g5 59. fxg5+ Kxg5 60. Kg3
h4+ 61. Kg2 f4 62. Bb5 Bc1 63. Bd7 Kf5 64. exf4 Bxf4 65. Kh3 Bg5 66. a4 Bf6 67.
a5 Bxd4 68. f3 Bf2 69. a6 Ke5 70. Kg2 Ba7 71. Kh3 d4 72. Kxh4 d3 73. Kg3 d2 74.
Ba4 Kd5 75. Kg2 Kc4 76. Kf1 Kd3 77. f4 Ke3 78. Bc2 Kxf4 79. Ke2 e5 80. Kxd2 e4
81. Bxe4 Kxe4 1/2-1/2

[Event "English Online Blitz Open"]
[Site "chess.com INT"]
[Date "2020.05.16"]
[Round "2.12"]
[White "Jones, Gawain C B"]
[Black "Chow, Samuel"]
[Result "1/2-1/2"]
[WhiteTitle "GM"]
[BlackTitle "FM"]
[WhiteElo "2670"]
[BlackElo "2345"]
[WhiteFideId "409561"]
[BlackFideId "3202992"]
[EventDate "2020.05.16"]

1. c4 Nf6 2. g3 c6 3. Bg2 d5 4. Nf3 dxc4 5. O-O Nbd7 6. Qc2 Nb6 7. Na3 Be6 8.
Ne5 Qd4 9. Nxc6 bxc6 10. Bxc6+ Bd7 11. Nb5 Qe5 12. Bxa8 Nxa8 13. a4 Qxe2 14. Nd4
Qd3 15. Qxd3 cxd3 16. Ra3 e5 17. Rxd3 exd4 18. Rxd4 Bc5 19. Rc4 Bb6 20. Re1+ Kd8
21. b3 Re8 22. Rxe8+ Nxe8 23. Bb2 Be6 24. Rc3 Ba5 25. Rd3+ Kc8 26. Bd4 Bb6 27.
b4 Kb7 28. a5 Bxd4 29. Rxd4 Nac7 30. Rd8 Nf6 31. f4 Nfd5 32. Rh8 h6 33. Rh7 g6
34. Rxh6 Nxb4 35. h4 Nc6 36. h5 gxh5 37. Rxh5 Nd5 38. f5 Bd7 39. Rh7 Ne5 40. d4
Nf3+ 41. Kf2 Nxd4 42. Rxf7 Kc6 43. g4 a6 44. Kg3 Kd6 45. Rh7 Nf6 46. Rf7 Nd5 47.
Rh7 Nc6 48. Kh4 Nxa5 49. Rh6+ Ke5 50. Rxa6 Nc6 51. Kg5 Nd4 52. Kg6 Nxf5 53. gxf5
Bxf5+ 54. Kg5 1/2-1/2

[Event "English Online Blitz Open"]
[Site "chess.com INT"]
[Date "2020.05.16"]
[Round "2.13"]
[White "Chow, Samuel"]
[Black "Jones, Gawain C B"]
[Result "0-1"]
[WhiteTitle "FM"]
[BlackTitle "GM"]
[WhiteElo "2345"]
[BlackElo "2670"]
[WhiteFideId "3202992"]
[BlackFideId "409561"]
[EventDate "2020.05.16"]

1. d4 Nf6 2. c4 g6 3. Nc3 Bg7 4. Nf3 O-O 5. g3 d6 6. Bg2 c5 7. d5 e6 8. O-O exd5
9. cxd5 Re8 10. Bf4 Bf5 11. Qc1 Ne4 12. Nxe4 Bxe4 13. Rd1 Nd7 14. a4 Qb6 15. Rd2
Nf6 16. a5 Qa6 17. Qd1 Nh5 18. e3 Nxf4 19. gxf4 b5 20. axb6 Qxb6 21. Ng5 Bxg2
22. Kxg2 a5 23. Qa4 h6 24. Ne4 Qd8 25. Ng3 Re7 26. f5 Rb7 27. fxg6 fxg6 28. Qe4
Qf6 29. Ra2 Re7 30. Qf3 Qg5 31. Qe2 h5 32. Kh1 h4 33. Nf1 Re4 34. f3 Rb4 35. Qg2
Qxg2+ 36. Kxg2 a4 37. e4 Rab8 38. Ne3 Bxb2 39. Kh3 a3 40. Kxh4 c4 41. Rc2 c3 42.
Kg5 Kg7 43. Nd1 Rb3 44. Nf2 Rf8 45. f4 Rb4 46. Re2 Rc4 47. Nd3 c2 48. Rg2 c1=Q
49. Nxc1 Bxc1 50. Rgc2 Rxc2 51. Rxc2 Bxf4+ 52. Kg4 Be5 53. Kg5 Bf6+ 54. Kg4 Ra8 0-1

[Event "English Online Blitz Open"]
[Site "chess.com INT"]
[Date "2020.05.16"]
[Round "2.14"]
[White "Jones, Gawain C B"]
[Black "Chow, Samuel"]
[Result "1-0"]
[WhiteTitle "GM"]
[BlackTitle "FM"]
[WhiteElo "2670"]
[BlackElo "2345"]
[WhiteFideId "409561"]
[BlackFideId "3202992"]
[EventDate "2020.05.16"]

1. e4 e6 2. d4 d5 3. Nd2 h6 4. Ngf3 Nf6 5. e5 Nfd7 6. Bd3 c5 7. c3 Nc6 8. Bc2
Qb6 9. Nb3 cxd4 10. cxd4 a5 11. a4 Qb4+ 12. Kf1 Nb6 13. Ne1 Nc4 14. h4 Qb6 15.
Rh3 Bd7 16. Kg1 Rc8 17. Rg3 Nb4 18. Bb1 Qd8 19. Nc5 b6 20. Nxd7 Qxd7 21. b3 b5
22. bxc4 bxc4 23. Bd2 Qa7 24. Bc3 Nc6 25. h5 Bb4 26. Bb2 Rb8 27. Nc2 O-O 28.
Nxb4 Nxb4 29. Bc1 Kh8 30. Bxh6 Rg8 31. Qd2 f5 32. exf6 gxf6 33. Qf4 Qf7 34. Raa3
Nc6 35. Bg6 Qe7 36. Raf3 f5 37. Bg5 Qf8 38. Bf6+ Qxf6 39. Qh6# 1-0

[Event "English Online Blitz Open"]
[Site "chess.com INT"]
[Date "2020.05.16"]
[Round "2.21"]
[White "Haria, Ravi"]
[Black "Horton, Andrew P"]
[Result "1/2-1/2"]
[WhiteTitle "IM"]
[BlackTitle "IM"]
[WhiteElo "2440"]
[BlackElo "2375"]
[WhiteFideId "415820"]
[BlackFideId "424269"]
[EventDate "2020.05.16"]

1. Nf3 Nf6 2. g3 b5 3. Bg2 Bb7 4. Na3 a6 5. c4 b4 6. Nc2 a5 7. O-O e6 8. d4 Be7
9. d5 O-O 10. Nfd4 c5 11. Nb5 exd5 12. Ne3 d6 13. Nxd5 Nxd5 14. Bxd5 Bxd5 15.
Qxd5 Nd7 16. Bf4 Nb6 17. Qd3 Qd7 18. Rad1 Rfd8 19. e4 a4 20. b3 axb3 21. axb3
Qc6 22. Qc2 Rd7 23. Ra1 Rdd8 24. Rfd1 Rxa1 25. Rxa1 Ra8 26. Rxa8+ Qxa8 27. Nxd6
Bxd6 28. Bxd6 Qa1+ 29. Kg2 Qd4 30. Bf4 Nd7 31. Be3 Qd6 32. Qd2 Qxd2 33. Bxd2 f6
34. Kf3 Kf7 35. Ke3 Ke6 36. f4 g6 37. Kd3 f5 38. Be3 Kd6 39. h3 h5 40. exf5 gxf5
41. g4 hxg4 42. hxg4 Ke6 43. g5 Kf7 44. Bf2 Kg6 45. Ke2 Kf7 46. Kf3 1/2-1/2

[Event "English Online Blitz Open"]
[Site "chess.com INT"]
[Date "2020.05.16"]
[Round "2.22"]
[White "Horton, Andrew P"]
[Black "Haria, Ravi"]
[Result "1/2-1/2"]
[WhiteTitle "IM"]
[BlackTitle "IM"]
[WhiteElo "2375"]
[BlackElo "2440"]
[WhiteFideId "424269"]
[BlackFideId "415820"]
[EventDate "2020.05.16"]

1. Nf3 d5 2. b3 Nf6 3. Bb2 e6 4. e3 Bd6 5. c4 b6 6. g3 Bb7 7. Bg2 O-O 8. O-O
Nbd7 9. Nc3 a6 10. Qe2 Qe7 11. d4 Rac8 12. Rfd1 Ne4 13. Nxe4 dxe4 14. Nd2 f5 15.
Rac1 c5 16. f3 exf3 17. Bxf3 Nf6 18. Rf1 Rce8 19. Rce1 Bxf3 20. Nxf3 Ne4 21. Nd2
e5 22. Nxe4 fxe4 23. d5 Qg5 24. Rxf8+ Rxf8 25. Rf1 Rxf1+ 26. Kxf1 Qf5+ 27. Kg2
Kf7 28. h3 h5 29. Qf2 Qxf2+ 30. Kxf2 Kg6 31. Kg2 Kf5 32. Bc1 g5 33. Bd2 g4 34.
h4 Kf6 35. a3 Ke7 36. Kf2 Kd7 37. Ke2 Kc8 38. a4 a5 1/2-1/2

[Event "English Online Blitz Open"]
[Site "chess.com INT"]
[Date "2020.05.16"]
[Round "2.23"]
[White "Haria, Ravi"]
[Black "Horton, Andrew P"]
[Result "0-1"]
[WhiteTitle "IM"]
[BlackTitle "IM"]
[WhiteElo "2440"]
[BlackElo "2375"]
[WhiteFideId "415820"]
[BlackFideId "424269"]
[EventDate "2020.05.16"]

1. Nf3 Nf6 2. g3 b6 3. Bg2 Bb7 4. O-O e6 5. c4 Be7 6. b3 O-O 7. Bb2 d5 8. e3
Nbd7 9. Nc3 c5 10. cxd5 Nxd5 11. Nxd5 Bxd5 12. d4 Bf6 13. Ne5 Bxg2 14. Kxg2 Nxe5
15. dxe5 Be7 16. f4 Qxd1 17. Rfxd1 Rfd8 18. Kf3 Kf8 19. g4 Ke8 20. Ke4 Rxd1 21.
Rxd1 Rd8 22. Rxd8+ Kxd8 23. f5 g6 24. f6 Bf8 25. g5 Kd7 26. Kd3 Kc6 27. e4 b5
28. Bc3 Kb6 29. Bb2 a6 30. Bc3 h6 31. h4 h5 32. Bd2 c4+ 33. bxc4 Bc5 34. cxb5
Kxb5 35. Be1 Bb6 36. Bg3 Ka4 37. Kc2 Kb4 38. Be1+ Kc4 39. Bg3 Bd4 40. Kd2 Bc3+
41. Ke3 Bb2 42. Be1 Bxe5 43. Kf3 Kd3 44. Ba5 Bc3 45. Bb6 Be1 46. Kf4 Bxh4 47.
Bd8 Be1 48. Bb6 Bc3 49. Bf2 Bd4 50. Bh4 Ke2 51. e5 Kd3 52. Bg3 Bc3 53. Bh4 Kd4 0-1

[Event "English Online Blitz Open"]
[Site "chess.com INT"]
[Date "2020.05.16"]
[Round "2.24"]
[White "Horton, Andrew P"]
[Black "Haria, Ravi"]
[Result "1-0"]
[WhiteTitle "IM"]
[BlackTitle "IM"]
[WhiteElo "2375"]
[BlackElo "2440"]
[WhiteFideId "424269"]
[BlackFideId "415820"]
[EventDate "2020.05.16"]

1. Nf3 d5 2. c4 e6 3. g3 Nf6 4. Bg2 d4 5. e3 c5 6. exd4 cxd4 7. d3 Nc6 8. O-O h6
9. Na3 Bxa3 10. bxa3 O-O 11. Rb1 Re8 12. Re1 e5 13. Nd2 Nd7 14. Ne4 Qc7 15. Qh5
a5 16. f4 Ra6 17. f5 Ne7 18. Rf1 Nf6 19. Nxf6+ Rxf6 20. Be4 b6 21. g4 Qd7 22. g5
hxg5 23. Bxg5 Rxf5 24. Rxf5 Nxf5 25. Rf1 g6 26. Qg4 Qd6 27. Qg2 Kh7 28. Rf3 Rh8
29. h4 Kg8 30. Qf2 Be6 31. Bf6 Rh5 32. Rh3 Qxa3 33. Kg2 Ne3+ 34. Rxe3 dxe3 35.
Qxe3 Qxa2+ 36. Kg3 Qb1 37. c5 Qf1 38. Bg5 f5 39. Qd2 f4+ 40. Kh2 Qh3+ 41. Kg1
Qg4+ 42. Kf1 Qh3+ 43. Ke1 bxc5 44. Qxa5 Qe3+ 45. Kd1 Bg4+ 46. Kc2 Qe2+ 47. Kb1
Qd1+ 48. Kb2 Qe2+ 49. Kb1 Qf1+ 50. Kb2 Be6 51. Qd8+ Kg7 52. Qf6+ Kh7 53. Qxg6+
Kh8 54. Bf6# 1-0

[Event "English Online Blitz Open"]
[Site "chess.com INT"]
[Date "2020.05.16"]
[Round "2.31"]
[White "Willow, Jonah B"]
[Black "Harvey, Marcus R"]
[Result "1-0"]
[WhiteTitle "FM"]
[BlackTitle "FM"]
[WhiteElo "2386"]
[BlackElo "2440"]
[WhiteFideId "438804"]
[BlackFideId "400092"]
[EventDate "2020.05.16"]

1. e4 e6 2. d4 d5 3. Nd2 c5 4. Ngf3 Nc6 5. exd5 exd5 6. Bb5 Bd6 7. dxc5 Bxc5 8.
O-O Ne7 9. Nb3 Bd6 10. Re1 O-O 11. Bd3 h6 12. h3 Bc7 13. c3 Qd6 14. Nbd4 Nxd4
15. cxd4 Nc6 16. Bb1 Bd7 17. Qd3 f5 18. Ne5 Bb6 19. Nxc6 Bxc6 20. Bd2 Rae8 21.
Rxe8 Bxe8 22. Bc2 Qf6 23. Bc3 Bc6 24. Re1 g6 25. Qg3 Kf7 26. Bb3 Kg7 27. Qf3
Bxd4 28. Bxd5 Bxc3 29. bxc3 Bxd5 30. Qxd5 Rf7 31. c4 b6 32. Re6 Qa1+ 33. Kh2 Qc1
34. Qe5+ Kg8 35. Re8+ Rf8 36. Qe6+ Kg7 37. Re7+ Kh8 38. Qe5+ Rf6 39. Qxf6+ 1-0

[Event "English Online Blitz Open"]
[Site "chess.com INT"]
[Date "2020.05.16"]
[Round "2.32"]
[White "Harvey, Marcus R"]
[Black "Willow, Jonah B"]
[Result "1-0"]
[WhiteTitle "FM"]
[BlackTitle "FM"]
[WhiteElo "2440"]
[BlackElo "2386"]
[WhiteFideId "400092"]
[BlackFideId "438804"]
[EventDate "2020.05.16"]

1. d4 Nf6 2. Nf3 e6 3. c4 c5 4. Nc3 cxd4 5. Nxd4 Nc6 6. a3 Bc5 7. Ndb5 O-O 8.
Nd6 Ne8 9. Nxe8 Rxe8 10. e3 b6 11. Be2 Bb7 12. Bf3 Qc8 13. Qe2 Ne5 14. Bxb7 Qxb7
15. O-O Rac8 16. b3 Be7 17. Bb2 Ng6 18. Rfd1 Red8 19. Rd2 Bf6 20. Rad1 d5 21.
Na4 dxc4 22. Rxd8+ Rxd8 23. Rxd8+ Bxd8 24. Qxc4 Bf6 25. Bxf6 gxf6 26. Qd4 Kg7
27. Nc3 Qc6 28. h3 Ne7 29. Qd3 Qc5 30. b4 Qe5 31. Ne2 Nd5 32. Ng3 f5 33. Ne2
Qa1+ 34. Kh2 Qe5+ 35. g3 Nf6 36. Nd4 Ne4 37. Qe2 Nf6 38. Qf3 Ne4 39. Kg2 Qd5 40.
g4 fxg4 41. hxg4 Qe5 42. Nc6 Qd5 43. Nxa7 f5 44. gxf5 exf5 45. a4 Qd7 46. Nb5
Qe6 47. Kh2 Qh6+ 48. Kg1 Qe6 49. Nd4 Qg6+ 50. Qg2 Ng5 51. a5 bxa5 52. bxa5 h6
53. Qb7+ Kg8 54. Qc8+ Kh7 55. Qxf5 Nf3+ 56. Kf1 1-0

[Event "English Online Blitz Open"]
[Site "chess.com INT"]
[Date "2020.05.16"]
[Round "2.33"]
[White "Willow, Jonah B"]
[Black "Harvey, Marcus R"]
[Result "1/2-1/2"]
[WhiteTitle "FM"]
[BlackTitle "FM"]
[WhiteElo "2386"]
[BlackElo "2440"]
[WhiteFideId "438804"]
[BlackFideId "400092"]
[EventDate "2020.05.16"]

1. e4 e6 2. d4 d5 3. Nd2 c5 4. Ngf3 Nc6 5. exd5 exd5 6. Bb5 Bd6 7. dxc5 Bxc5 8.
O-O Ne7 9. Nb3 Bd6 10. Re1 O-O 11. Bd3 h6 12. h3 Bc7 13. c3 Qd6 14. Nbd4 Nxd4
15. cxd4 Nc6 16. Bc2 Bd7 17. Qd3 f5 18. Bd2 Rae8 19. Rxe8 Rxe8 20. Re1 Rxe1+ 21.
Bxe1 Be6 22. Bc3 a6 23. g3 Nb4 24. Bxb4 Qxb4 25. Nh4 Qe1+ 26. Kg2 Qe4+ 27. Nf3
Qxd3 28. Bxd3 Kf7 29. Nd2 a5 30. f4 1/2-1/2

[Event "English Online Blitz Open"]
[Site "chess.com INT"]
[Date "2020.05.16"]
[Round "2.34"]
[White "Harvey, Marcus R"]
[Black "Willow, Jonah B"]
[Result "1/2-1/2"]
[WhiteTitle "FM"]
[BlackTitle "FM"]
[WhiteElo "2440"]
[BlackElo "2386"]
[WhiteFideId "400092"]
[BlackFideId "438804"]
[EventDate "2020.05.16"]

1. Nf3 c5 2. b3 d6 3. d4 cxd4 4. Nxd4 Nf6 5. Bb2 g6 6. g3 Nc6 7. Bg2 Bd7 8. O-O
Bg7 9. c4 O-O 10. Nc3 a6 11. Rc1 Rc8 12. h3 Nxd4 13. Qxd4 Bc6 14. Nd5 Bxd5 15.
Bxd5 Qa5 16. Bxb7 Nh5 17. Bc3 Qxa2 18. Qe3 Rb8 19. Bxg7 Nxg7 20. Ra1 Qc2 21.
Rfc1 Qf5 22. Bg2 a5 23. g4 Qc5 24. Qxc5 dxc5 25. Rxa5 Rxb3 26. Rxc5 Ne6 27. Re5
Rc8 28. e3 Rc7 29. c5 Rb5 30. Rxe6 fxe6 31. c6 Kf7 32. Rd1 Rc5 33. Rd8 Rc1+ 34.
Kh2 Rc2 35. Kg3 R2xc6 36. Bxc6 Rxc6 37. Rh8 Kg7 38. Ra8 Kf6 39. h4 h6 40. Rf8+
Kg7 41. Rf4 Rd6 42. Kf3 Ra6 43. Ke4 Ra5 44. Kf3 Ra2 45. Re4 Kf6 46. Rf4+ Kg7 47.
Rb4 Kf6 48. Rb5 Ra4 49. Kg3 Rc4 50. f3 Rc1 51. e4 Rc4 52. g5+ hxg5 53. hxg5+ Kf7
54. Kf4 Rc3 55. Ra5 Rb3 56. Ra6 Rb5 57. Ra1 Rc5 58. Rh1 Kg7 59. Rd1 Kf7 60. Rd8
Ra5 61. Rh8 Kg7 62. Rd8 Kf7 63. Kg4 Ra1 1/2-1/2